[Event "CHN-chTB"]
[Site "Harbin"]
[Date "2019.07.22"]
[Round "4.2"]
[White "Danielian, Elina"]
[Black "Jiang, Zhaoyi"]
[Result "1-0"]
[WhiteElo "2417"]
[BlackElo "1931"]
[PlyCount "57"]
[EventDate "2019.07.20"]
[EventType "team-swiss"]
[EventRounds "11"]
[EventCountry "CHN"]
[SourceTitle "CBM 191 Extra"]
[Source "ChessBase"]
[SourceDate "2019.09.30"]
[SourceVersion "1"]
[SourceVersionDate "2019.09.30"]
[SourceQuality "1"]
[WhiteTeam "Qingdao Qingwei"]
[BlackTeam "Heilongjiang"]
[WhiteTeamCountry "CHN"]
[BlackTeamCountry "CHN"]

1. Nf3 e6 2. g3 f5 3. Bg2 Nf6 4. c4 d5 5. 0-0 Bd6 6. b3 0-0 7. Bb2 Qe7 8. Nc3 c6 9. d3 dxc4 10. bxc4 e5 11. Qb3 Kh8 12. Rad1 Na6 13. Qc2 Rb8 14. a4 Bd7 15. Qd2 Rfe8 16. Qg5 Ng8 17. e4 Nh6 18. Rfe1 Nc5 19. a5 Qd8 20. h4 Qxa5 21. d4 exd4 22. Nxd4 Qb4 23. Ba1 Be7 24. Qf4 fxe4 25. Nxe4 Nxe4 26. Bxe4 Rf8 27. Qxh6 Qxe1+ 28. Rxe1 gxh6 29. Nxc6+ 1-0

[Event "CHN-chT (Women)"]
[Site "Daqing"]
[Date "2019.06.19"]
[Round "1.7"]
[White "Huang, Mofei"]
[Black "Jiang, Zhaoyi"]
[Result "1-0"]
[WhiteElo "1993"]
[BlackElo "1952"]
[PlyCount "47"]
[EventDate "2019.06.19"]
[EventType "team-swiss"]
[EventRounds "9"]
[EventCountry "CHN"]
[SourceTitle "CBM 191 Extra"]
[Source "ChessBase"]
[SourceDate "2019.09.30"]
[SourceVersion "1"]
[SourceVersionDate "2019.09.30"]
[SourceQuality "1"]
[WhiteTeam "Zhejiang (W)"]
[BlackTeam "Heilongjiang (W)"]
[WhiteTeamCountry "CHN"]
[BlackTeamCountry "CHN"]

1. d4 Nf6 2. c4 e6 3. Nf3 d5 4. Nc3 Be7 5. e3 0-0 6. Qc2 b6 7. b3 Bb7 8. Be2 Nbd7 9. 0-0 Ne4 10. Bb2 Nxc3 11. Bxc3 c5 12. Rfd1 cxd4 13. Nxd4 Bf6 14. Rac1 Qe7 15. cxd5 Bxd5 16. Ba6 Ne5 17. f4 Ng6 18. Qd2 Rfd8 19. Bb4 Qd7 20. Nb5 Nh4 21. e4 Bc6 22. Qc2 Qe8 23. Nc7 Rxd1+ 24. Rxd1 1-0

[Event "CHN-chN (Women)"]
[Site "Jiangmen"]
[Date "2018.07.19"]
[Round "3"]
[White "Jiang, Zhaoyi"]
[Black "Yuan, Ye"]
[Result "1/2-1/2"]
[WhiteElo "1993"]
[BlackElo "2173"]
[PlyCount "53"]
[EventDate "2018.07.18"]
[EventType "swiss"]
[EventRounds "11"]
[EventCountry "CHN"]
[SourceTitle "CBM 185 Extra"]
[Source "ChessBase"]
[SourceDate "2018.07.29"]
[SourceVersion "1"]
[SourceVersionDate "2018.07.29"]
[SourceQuality "1"]

1. Nf3 Nf6 2. g3 g6 3. Bg2 Bg7 4. 0-0 0-0 5. d4 d5 6. c4 dxc4 7. Na3 c3 8. bxc3 c5 9. Qb3 Nc6 10. e3 Na5 11. Qb5 Ne4 12. Bb2 Qb6 13. Qe2 Be6 14. Ne5 Nd6 15. Nd3 cxd4 16. cxd4 Nac4 17. Nxc4 Bxc4 18. Rfd1 Rfc8 19. Ba3 Qa6 20. Bb4 Rab8 21. Qd2 Bxd3 22. Qxd3 Qxd3 23. Rxd3 b6 24. Rdd1 a5 25. Bxd6 exd6 26. Rdc1 Rxc1+ 27. Rxc1 1/2-1/2

[Event "CHN-chT2"]
[Site "Jiangmen"]
[Date "2018.07.16"]
[Round "11.3"]
[White "Jiang, Zhaoyi"]
[Black "Luong, Phuong Hanh"]
[Result "0-1"]
[WhiteElo "1993"]
[BlackElo "2141"]
[PlyCount "46"]
[EventDate "2018.07.10"]
[EventType "team-swiss"]
[EventRounds "11"]
[EventCountry "CHN"]
[SourceTitle "EXT 2019"]
[Source "ChessBase"]
[SourceDate "2018.10.10"]
[SourceVersion "1"]
[SourceVersionDate "2018.10.10"]
[SourceQuality "1"]
[WhiteTeam "Heilongjiang Chess and Cards"]
[BlackTeam "Qingdao Qingwei"]
[WhiteTeamCountry "CHN"]
[BlackTeamCountry "CHN"]

1. d4 Nf6 2. Nf3 g6 3. c4 Bg7 4. Nc3 d5 5. cxd5 Nxd5 6. e4 Nxc3 7. bxc3 c5 8. Be3 Nc6 9. Qd2 Qa5 10. Rc1 0-0 11. d5 Rd8 12. Bd3 Bg4 13. 0-0 Bxf3 14. gxf3 e6 15. Bg5 exd5 16. Bxd8 Rxd8 17. exd5 Rxd5 18. Qe3 Qd8 19. Rfd1 Re5 20. Be4 Qh4 21. Rd5 Bh6 22. Rxe5 Nxe5 23. Qe1 Qg5+ 0-1

[Event "CHN-chT (Women)"]
[Site "Hangzhou"]
[Date "2018.06.20"]
[Round "3.6"]
[White "Jiang, Zhaoyi"]
[Black "Liu, Manli"]
[Result "1/2-1/2"]
[WhiteElo "1996"]
[BlackElo "2158"]
[PlyCount "62"]
[EventDate "2018.06.19"]
[EventType "team-swiss"]
[EventRounds "9"]
[EventCountry "CHN"]
[SourceTitle "CBM 185 Extra"]
[Source "ChessBase"]
[SourceDate "2018.07.29"]
[SourceVersion "1"]
[SourceVersionDate "2018.07.29"]
[SourceQuality "1"]
[WhiteTeam "Heilongjiang (W)"]
[BlackTeam "Guangdong (W)"]
[WhiteTeamCountry "CHN"]
[BlackTeamCountry "CHN"]

1. d4 Nf6 2. c4 e6 3. g3 d5 4. Bg2 Bb4+ 5. Bd2 Be7 6. Nf3 0-0 7. 0-0 c6 8. Qc2 Nbd7 9. Bf4 b6 10. Rd1 Bb7 11. Nc3 dxc4 12. Nd2 Nd5 13. Nxc4 Nxf4 14. gxf4 Qc7 15. e3 Rad8 16. Rac1 c5 17. d5 exd5 18. Nxd5 Bxd5 19. Rxd5 b5 20. Ne5 Nxe5 21. Rxe5 Bd6 22. Rd5 Be7 23. Rcd1 Rxd5 24. Rxd5 Rd8 25. Qe4 g6 26. Rxd8+ Qxd8 27. Qb7 Qd1+ 28. Bf1 Qg4+ 29. Bg2 Qd1+ 30. Bf1 Qg4+ 31. Bg2 Qd1+ 1/2-1/2

[Event "Doeberl Cup 56th"]
[Site "Canberra"]
[Date "2018.03.31"]
[Round "5"]
[White "Renjith, Sravan"]
[Black "Jiang, Zhaoyi"]
[Result "1/2-1/2"]
[WhiteElo "1849"]
[BlackElo "2011"]
[PlyCount "130"]
[EventDate "2018.03.29"]
[EventType "swiss"]
[EventRounds "9"]
[EventCountry "AUS"]
[SourceTitle "EXT 2023"]
[Source "ChessBase"]
[SourceDate "2022.10.05"]
[SourceVersion "1"]
[SourceVersionDate "2022.10.05"]
[SourceQuality "1"]

1. b3 e5 2. Bb2 d6 3. c4 f5 4. d3 g6 5. e3 Bg7 6. Ne2 Ne7 7. g3 0-0 8. Bg2 d5 9. Nbc3 c6 10. Ba3 d4 11. exd4 exd4 12. Nb1 Na6 13. 0-0 Re8 14. Nd2 c5 15. Re1 Nc6 16. Nf1 Ne5 17. Nf4 Rb8 18. h3 Bd7 19. Nh2 Bc6 20. Bxc6 bxc6 21. Nf3 Qa5 22. Nxe5 Bxe5 23. Bc1 Re7 24. Bd2 Qc7 25. Qf3 Nb4 26. Bxb4 cxb4 27. Ng2 Rbe8 28. h4 Kg7 29. h5 Qd6 30. Nh4 Qf6 31. Re2 f4 32. Rae1 Qg5 33. hxg6 hxg6 34. Qg2 fxg3 35. fxg3 Bf6 36. Rxe7+ Rxe7 37. Rxe7+ Bxe7 38. Qf2 c5 39. Nf3 Qf5 40. Qe2 Bd6 41. Kg2 Qg4 42. Qf2 Qf5 43. Qe2 Qg4 44. Qf2 g5 45. Nd2 Be7 46. Qf3 Qe6 47. Qe4 Qf6 48. Qf3 Qa6 49. Qe2 Qb7+ 50. Qe4 Qc7 51. Nf3 Bf6 52. Nh2 Qa5 53. Qe2 Qc7 54. Ng4 Qb6 55. Qf3 Qa6 56. Nxf6 Qxf6 57. Qb7+ Qf7 58. Qxf7+ Kxf7 59. Kf3 Kf6 60. Ke4 Ke6 61. g4 a6 62. Kf3 Ke5 63. Kg3 Kf6 64. Kf3 Ke5 65. Kg3 Kf6 1/2-1/2

[Event "Lund CellaVision Cup"]
[Site "Lund"]
[Date "2017.08.04"]
[Round "1"]
[White "Turner, Matthew"]
[Black "Jiang, Zhaoyi"]
[Result "0-1"]
[WhiteElo "2538"]
[BlackElo "1965"]
[PlyCount "75"]
[EventDate "2017.08.04"]
[EventType "swiss"]
[EventRounds "8"]
[EventCountry "SWE"]
[SourceTitle "CBM 180 Extra"]
[Source "ChessBase"]
[SourceDate "2017.10.06"]
[SourceVersion "1"]
[SourceVersionDate "2017.10.06"]
[SourceQuality "1"]

1. c4 e5 2. g3 f5 3. Bg2 Nf6 4. Nc3 g6 5. e3 Bg7 6. Nge2 0-0 7. 0-0 Nc6 8. d3 d6 9. Rb1 a5 10. a3 Be6 11. Nd5 Rb8 12. Bd2 Ne7 13. Nxf6+ Bxf6 14. Bxa5 d5 15. cxd5 Bxd5 16. e4 Be6 17. Bb4 b6 18. Bxe7 Qxe7 19. Nc3 Qd7 20. Nd5 Bg7 21. Qc2 Rbc8 22. Rfc1 Bh6 23. Re1 f4 24. Rbd1 f3 25. Bh1 Bxd5 26. exd5 Qxd5 27. Qc4 Qxc4 28. dxc4 Rce8 29. Re4 Rf7 30. Rd3 Ref8 31. Rxe5 Bg7 32. Rb5 Rf6 33. Rbb3 Rc6 34. Bxf3 Rcf6 35. Kg2 Bh6 36. Rd7 c6 37. Rc7 c5 38. Rb7 0-1

[Event "CHN-chB (Women)"]
[Site "Qinhuangdao"]
[Date "2017.07.21"]
[Round "11"]
[White "Jiang, Zhaoyi"]
[Black "Zou, Xinyi"]
[Result "1-0"]
[WhiteElo "2011"]
[BlackElo "1603"]
[PlyCount "109"]
[EventDate "2017.07.16"]
[EventType "swiss"]
[EventRounds "11"]
[EventCountry "CHN"]
[SourceTitle "CBM 179 Extra"]
[Source "ChessBase"]
[SourceDate "2017.08.23"]
[SourceVersion "1"]
[SourceVersionDate "2017.08.23"]
[SourceQuality "1"]

1. d4 Nf6 2. Nf3 d5 3. g3 e6 4. Bg2 c5 5. e3 Bd6 6. 0-0 0-0 7. b3 Bd7 8. Bb2 Bc6 9. Ne5 Nbd7 10. Nd2 Qc7 11. Nxc6 bxc6 12. c4 Rac8 13. Rc1 Qb8 14. f4 cxd4 15. exd4 c5 16. Kh1 cxd4 17. Bxd4 Bc5 18. Bb2 Rfd8 19. f5 Qd6 20. cxd5 exd5 21. Re1 Re8 22. Bf3 a5 23. Kg2 Ne5 24. Nb1 Nxf3 25. Qxf3 Ne4 26. Nc3 Nxc3 27. Qxc3 f6 28. Rxe8+ Rxe8 29. Qxc5 Qxc5 30. Rxc5 Re2+ 31. Kf3 Rxb2 32. Rxa5 d4 33. h4 d3 34. Rd5 Rxa2 35. Rxd3 Rb2 36. Ke3 g6 37. fxg6 hxg6 38. Kd4 Kf7 39. Kc3 Rb1 40. Re3 f5 41. b4 Kf6 42. Kc4 Rc1+ 43. Kd5 Rb1 44. Kc5 Rc1+ 45. Kb6 Rc4 46. b5 Re4 47. Rd3 Ke5 48. Kb7 Ke6 49. b6 Rb4 50. Kc6 Rc4+ 51. Kb5 Rc1 52. Rd4 Rc3 53. b7 Rxg3 54. b8Q Rb3+ 55. Rb4 1-0

[Event "CHN-chB (Women)"]
[Site "Qinhuangdao"]
[Date "2017.07.20"]
[Round "10"]
[White "Zhu, Yiying"]
[Black "Jiang, Zhaoyi"]
[Result "1/2-1/2"]
[WhiteElo "1709"]
[BlackElo "2011"]
[PlyCount "128"]
[EventDate "2017.07.16"]
[EventType "swiss"]
[EventRounds "11"]
[EventCountry "CHN"]
[SourceTitle "CBM 179 Extra"]
[Source "ChessBase"]
[SourceDate "2017.08.23"]
[SourceVersion "1"]
[SourceVersionDate "2017.08.23"]
[SourceQuality "1"]

1. d4 f5 2. c4 e6 3. Nf3 Nf6 4. e3 c6 5. Bd3 d5 6. 0-0 Bd6 7. b3 Qe7 8. a4 a5 9. Ba3 0-0 10. Bxd6 Qxd6 11. Ne5 b6 12. cxd5 exd5 13. Nd2 Na6 14. Rc1 Nb4 15. Be2 Bb7 16. Nb1 g6 17. Nc3 Ne4 18. f3 Ng5 19. Qd2 Ne6 20. g3 Rfd8 21. Rfd1 Rac8 22. f4 Rc7 23. Bf1 Qe7 24. Bh3 Ba6 25. Bf1 Bb7 26. Bh3 Ng7 27. Bf1 Ne8 28. h3 Nd6 29. g4 fxg4 30. hxg4 Nf7 31. Qf2 Kg7 32. Be2 Na6 33. Bd3 Nxe5 34. fxe5 Rf8 35. Qg3 Nb4 36. Be2 Qe6 37. Rf1 Rcf7 38. Rxf7+ Rxf7 39. Rf1 Rxf1+ 40. Bxf1 Bc8 41. Be2 g5 42. e4 Qg6 43. Qe3 Be6 44. exd5 cxd5 45. Nb5 h6 46. Nc7 Kf7 47. Qf3+ Ke7 48. Nxe6 Qxe6 49. Qc3 Qc6 50. Qf3 Nc2 51. Qd3 Kd8 52. Kf2 Nb4 53. Qf3 Ke7 54. Qf5 Qe6 55. Ke3 Qf7 56. Bb5 Qe6 57. Qh7+ Qf7 58. Qf5 Kf8 59. Bd7 Ke7 60. Bb5 Na2 61. Kd2 Nb4 62. Qd7+ Kf8 63. Qc8+ Kg7 64. Qf5 Kf8 1/2-1/2

[Event "CHN-chB (Women)"]
[Site "Qinhuangdao"]
[Date "2017.07.16"]
[Round "1"]
[White "Jiang, Zhaoyi"]
[Black "Chen, Yining"]
[Result "1-0"]
[WhiteElo "2011"]
[BlackElo "1288"]
[PlyCount "83"]
[EventDate "2017.07.16"]
[EventType "swiss"]
[EventRounds "11"]
[EventCountry "CHN"]
[SourceTitle "CBM 179 Extra"]
[Source "ChessBase"]
[SourceDate "2017.08.23"]
[SourceVersion "1"]
[SourceVersionDate "2017.08.23"]
[SourceQuality "1"]

1. d4 Nf6 2. Nf3 e6 3. g3 d5 4. Bg2 Nbd7 5. 0-0 Be7 6. c4 c6 7. b3 0-0 8. Bb2 Qc7 9. Nc3 Re8 10. Rc1 h6 11. Nd2 Bb4 12. e4 dxe4 13. Ncxe4 Bxd2 14. Nxf6+ Nxf6 15. Qxd2 Qd8 16. Qc3 Qb6 17. Qf3 Nd7 18. Rfe1 c5 19. Rcd1 cxd4 20. Bxd4 Qc7 21. Re2 e5 22. Rde1 Re6 23. Bc3 Rb8 24. Bh3 Rf6 25. Qe3 Qc6 26. Bg2 Qa6 27. Bd5 Rf5 28. Qd3 Qf6 29. f4 Qb6+ 30. Kh1 Nc5 31. Qc2 e4 32. Bd4 Bd7 33. Rxe4 Qc7 34. Be5 Qc8 35. Bxb8 Nxe4 36. Bxe4 Bc6 37. Bxc6 Qxc6+ 38. Qe4 Qc5 39. Bxa7 Qa5 40. Bb6 Qb4 41. Bd4 Rh5 42. Re2 1-0

[Event "CHN Team (Women)"]
[Site "Beijing"]
[Date "2017.06.11"]
[Round "6.6"]
[White "Ren, Xiaoyi"]
[Black "Jiang, Zhaoyi"]
[Result "1-0"]
[WhiteElo "2287"]
[BlackElo "2063"]
[PlyCount "119"]
[EventDate "2017.06.06"]
[EventType "team-swiss"]
[EventRounds "9"]
[EventCountry "CHN"]
[SourceTitle "CBM 178 Extra"]
[Source "ChessBase"]
[SourceDate "2017.06.22"]
[SourceVersion "1"]
[SourceVersionDate "2017.06.22"]
[SourceQuality "1"]
[WhiteTeam "Chengdu (W)"]
[BlackTeam "Heilongjiang (W)"]
[WhiteTeamCountry "CHN"]
[BlackTeamCountry "CHN"]

1. d4 Nf6 2. Bf4 e6 3. e3 d5 4. Nf3 Bd6 5. Bg5 b6 6. c4 Bb7 7. Nc3 0-0 8. cxd5 exd5 9. Bd3 Be7 10. Qc2 h6 11. Bf4 c5 12. 0-0 Bd6 13. Ne5 Nc6 14. Qa4 cxd4 15. exd4 a6 16. Bg3 b5 17. Nxc6 Bxc6 18. Qc2 Bxg3 19. hxg3 Qb6 20. Rfd1 Bd7 21. Be2 Rfd8 22. Bf3 Be6 23. Qb3 Rac8 24. Na4 Qc6 25. Nc5 Bg4 26. Rac1 Bxf3 27. Qxf3 Re8 28. Qa3 Ra8 29. Re1 Rxe1+ 30. Rxe1 Re8 31. Qc3 Rxe1+ 32. Qxe1 Ne4 33. b4 Kf8 34. f3 Nf6 35. Qe5 Nd7 36. Qf5 Nxc5 37. bxc5 g6 38. Qf4 h5 39. Qg5 Ke8 40. Qe5+ Kd7 41. Qb8 Ke7 42. Kf2 Kd7 43. Qa7+ Ke8 44. a3 Qe6 45. Qb8+ Kd7 46. Qb7+ Kd8 47. f4 f6 48. Qg7 f5 49. Qb7 Qe4 50. Qb6+ Kd7 51. Qd6+ Kc8 52. Qxa6+ Kc7 53. Qb6+ Kc8 54. c6 Qe7 55. Qxb5 h4 56. Qb7+ Qxb7 57. cxb7+ Kxb7 58. gxh4 Kc6 59. a4 Kb6 60. g4 1-0

[Event "CHN Team (Women)"]
[Site "Beijing"]
[Date "2017.06.07"]
[Round "2.4"]
[White "Jiang, Zhaoyi"]
[Black "Ni, Shiqun"]
[Result "0-1"]
[WhiteElo "2063"]
[BlackElo "2436"]
[PlyCount "116"]
[EventDate "2017.06.06"]
[EventType "team-swiss"]
[EventRounds "9"]
[EventCountry "CHN"]
[SourceTitle "CBM 178 Extra"]
[Source "ChessBase"]
[SourceDate "2017.06.22"]
[SourceVersion "1"]
[SourceVersionDate "2017.06.22"]
[SourceQuality "1"]
[WhiteTeam "Heilongjiang (W)"]
[BlackTeam "Shanghai (W)"]
[WhiteTeamCountry "CHN"]
[BlackTeamCountry "CHN"]

1. d4 Nf6 2. c4 c6 3. Nc3 d5 4. cxd5 cxd5 5. Bf4 Nc6 6. e3 a6 7. Bd3 Bg4 8. Nge2 e6 9. 0-0 Be7 10. Rc1 0-0 11. Na4 Nd7 12. f3 Bh5 13. Qb3 Ra7 14. a3 Bg6 15. Bxg6 hxg6 16. Qc3 Ra8 17. b4 Rc8 18. Qb2 Nb6 19. Nxb6 Qxb6 20. Rc2 Na7 21. Rfc1 Rc6 22. Nc3 Rfc8 23. Na4 Rxc2 24. Rxc2 Rxc2 25. Qxc2 Qd8 26. Nc5 Qc8 27. Qd3 Qc6 28. Qb3 Qb5 29. h3 Bxc5 30. dxc5 Nc6 31. Qc3 f6 32. Bc7 Qe2 33. Kh2 e5 34. Qb3 Qc4 35. Qb1 Kf7 36. Qd1 g5 37. f4 Qe4 38. fxg5 fxg5 39. Qh5+ Qg6 40. Qf3+ Ke6 41. Qf8 Kd7 42. Bd6 g4 43. hxg4 Qh6+ 44. Kg1 Qxe3+ 45. Kh1 Qe1+ 46. Kh2 Qh4+ 47. Kg1 Qf6 48. Qa8 Nd8 49. Qb8 e4 50. Qc7+ Ke8 51. g5 Qxg5 52. Qc8 Qc1+ 53. Kh2 Qh6+ 54. Kg1 Qe6 55. Qc7 e3 56. Qxg7 e2 57. Qh8+ Kd7 58. Qh7+ Nf7 0-1

[Event "Vlissingen HZ op 20th"]
[Site "Vlissingen"]
[Date "2016.08.11"]
[Round "7"]
[White "Jiang, Zhaoyi"]
[Black "Hamblok, Roel"]
[Result "0-1"]
[WhiteElo "1831"]
[BlackElo "2308"]
[PlyCount "100"]
[EventDate "2016.08.06"]
[EventType "swiss"]
[EventRounds "9"]
[EventCountry "NED"]
[SourceTitle "CBM 173 Extra"]
[Source "ChessBase"]
[SourceDate "2016.08.29"]
[SourceVersion "1"]
[SourceVersionDate "2016.08.29"]
[SourceQuality "1"]

1. Nf3 f5 2. g3 Nf6 3. Bg2 d6 4. d4 e6 5. c4 Be7 6. b3 0-0 7. 0-0 Ne4 8. e3 Bf6 9. Bb2 Nc6 10. Nfd2 Nxd2 11. Qxd2 Ne7 12. Nc3 c6 13. e4 g5 14. Rad1 Ng6 15. d5 exd5 16. exf5 Bxf5 17. cxd5 c5 18. Ne4 Bxb2 19. Qxb2 g4 20. f4 gxf3 21. Bxf3 Ne5 22. Bg2 Bxe4 23. Bxe4 Qg5 24. Qe2 Kg7 25. Rde1 Rae8 26. Rxf8 Rxf8 27. Bg2 Rf7 28. Rf1 Rxf1+ 29. Bxf1 Qf5 30. Kg2 Ng6 31. Qb2+ Kf7 32. Kg1 Qf6 33. Qd2 Ne5 34. Bg2 b6 35. Qd1 Qg5 36. Qf1+ Kg7 37. Qe1 Ng4 38. Kh1 Qe3 39. Qxe3 Nxe3 40. Be4 h6 41. Kg1 Kf6 42. Kf2 Nd1+ 43. Kf3 Nc3 44. a4 Ke5 45. Bc2 Nxd5 46. g4 Nb4 47. Bg6 Nc6 48. Ke3 Nd4 49. Kd3 Nxb3 50. Kc4 Nd4 0-1

[Event "CHN Team (Women)"]
[Site "Wuxi"]
[Date "2016.08.02"]
[Round "7.5"]
[White "Jiang, Zhaoyi"]
[Black "Yang, Yijing"]
[Result "1/2-1/2"]
[WhiteElo "1835"]
[BlackElo "1985"]
[PlyCount "60"]
[EventDate "2016.07.28"]
[EventType "team-swiss"]
[EventRounds "9"]
[EventCountry "CHN"]
[SourceTitle "CBM 173 Extra"]
[Source "ChessBase"]
[SourceDate "2016.08.29"]
[SourceVersion "1"]
[SourceVersionDate "2016.08.29"]
[SourceQuality "1"]
[WhiteTeam "Heilongjiang Qipai (W)"]
[BlackTeam "Hebei Ticai (W)"]
[WhiteTeamCountry "CHN"]
[BlackTeamCountry "CHN"]

1. d4 Nf6 2. Nf3 g6 3. g3 Bg7 4. Bg2 d5 5. 0-0 0-0 6. c4 c6 7. b3 Ne4 8. Bb2 Nd7 9. Nbd2 f5 10. e3 h6 11. Qe2 b6 12. Rac1 Ba6 13. Rfd1 g5 14. Ne5 Nxe5 15. dxe5 Qe8 16. f4 c5 17. Nxe4 dxe4 18. Qd2 Rd8 19. Qe2 Qc6 20. Bf1 g4 21. Rxd8 Rxd8 22. Rd1 Rd7 23. Rd2 Bc8 24. Qd1 e6 25. Bc3 Bf8 26. Rxd7 Qxd7 27. Be2 h5 28. Qxd7 Bxd7 29. Kf2 Kf7 30. Be1 Be7 1/2-1/2